Vista normal
Vista MARC
Entrada Materia (tema)
Número de registros utilizados en: 1
001 - CONTROL NUMBER
- control field: 188696
003 - CONTROL NUMBER IDENTIFIER
- control field: Co-BoUCM
005 - DATE AND TIME OF LATEST TRANSACTION
- control field: 20260421115447.0
008 - FIXED-LENGTH DATA ELEMENTS
- fixed length control field: 260421|| aca||aabn | a|a d
040 ## - CATALOGING SOURCE
- Original cataloging agency: Co-BoUCM
- Transcribing agency: Co-BoUCM
150 ## - HEADING--TOPICAL TERM
- Topical term or geographic name as entry element: Urbanismo
- General subdivision: Historia
- Chronological subdivision: Siglos X-XVI
- Geographic subdivision: Países Bajos
670 ## - SOURCE DATA FOUND
- Source citation: Work cat.: (Co-BoUCM)326272: Vannieuwenhuyze, Bram 188695, The Rise of Cities Revisited :, 2024